000 00335nam a2200157Ia 4500
003 0STCL
008 150530s9999 xx 000 0 und d
040 _aSTCL
_cSTCL
100 _aBen Jonson
245 _aVolpone or the Fox
260 _c1977
546 _aEnglish
942 _2ddc
_cBK
999 _c55967
_d55967
005 20220125171001.0